Children's games: a teacher's resource book of games for young learners of english
Shranjeno v:
| Glavni avtor: | |
|---|---|
| Format: | Knjiga |
| Jezik: | angleščina |
| Izdano: |
Oxford
Macmillan Education
1995
|
| Teme: | |
| Oznake: |
Označite
Brez oznak, prvi označite!
|
MARC
| LEADER | 00000nam a2200000 a 4500 | ||
|---|---|---|---|
| 001 | UCL2808 | ||
| 003 | CL-VaPUC | ||
| 008 | 031107e19950000UK |||||||||||||||||eng|d | ||
| 020 | |a 0435294660 | ||
| 082 | 0 | 4 | |a 372.6521 |b TOT |2 21 |
| 100 | 0 | |a Toth, Maria |e author |9 479927 | |
| 245 | 1 | 0 | |a Children's games: a teacher's resource book of games for young learners of english |
| 300 | |a 96 p | ||
| 942 | |c BK | ||
| 945 | |d 20031107 00:00:00 |a cmena | ||
| 260 | |a Oxford |b Macmillan Education |c 1995 | ||
| 650 | 0 | |a Enseñanza del inglés |9 367340 | |
| 650 | 0 | |a Educación lingüística |9 306506 | |
| 650 | 0 | |a Métodos de enseñanza |9 270413 | |
| 650 | 0 | |a Educación básica |9 224933 | |
| 583 | |a last modification |c 20031107 00:00:00 |k Rodrigo Vera | ||
| 999 | |c 305991 |d 305989 | ||
| 952 | |0 0 |1 0 |4 0 |6 372_652100000000000_TOT_1995 |7 0 |8 A |9 370620 |a BIBEDU |b BIBEDU |d 2019-11-21 |i 3952401 |o 372.6521 TOT 1995 |p 3952401 |r 2019-11-21 |w 2019-11-21 |y BK |k LIT | ||